| 000 | 00902cam a22002775a 4500 | ||
|---|---|---|---|
| 001 | E152914 | ||
| 008 | 110516s2011 xxko f 000 0 eng d | ||
| 020 | _a9781848061835 | ||
| 035 | _a(Sirsi) u152914 | ||
| 041 | 0 | _aeng | |
| 050 | 0 | 4 | _a333.72 $2 18 |
| 100 | 1 | _aJangsten, Olof | |
| 245 | 0 | 4 |
_aThe performance of district heating in new developments _bapplication guidance |
| 260 |
_aWatford _bBRE _c2011 |
||
| 300 |
_a12p. _bill. _c30cm. |
||
| 490 | 0 |
_aBRE Information Paper _v(3/11) |
|
| 520 | _aLooks at District Heating (DH) systems, which provide heat to multiple buildings through a central energy centre. Includes references | ||
| 521 | _aAdvanced | ||
| 590 | _aKA | ||
| 651 | 4 |
_aUnited Kingdom _y |
|
| 690 | _aENVIRONMENTAL AND LAND CONSULTANCY-ENERGY-ENERGY USE | ||
| 700 | 1 | _aAguilo-Rullan, Antonio | |
| 700 | 1 | _aWilliams, Jonathan | |
| 700 | 1 | _aWiltshire, Robin | |
| 942 | _n0 | ||
| 999 |
_c112261 _d112261 |
||